10-Letter U.S. Cities Quiz Stats

 Plays Quiz not verified by Sporcle

Challenge
Share
Tweet
Embed
Score 0/37 Timer 06:00
0 Plays Today
Rank City % Correct
2Los Angeles, CA
90.6%
7San Antonio, TX
79.4%
62Cincinnati, OH
73.8%
37Kansas City, MO
69.4%
165Kansas City, KS
69.4%
52New Orleans, LA
68.8%
24Washington, DC
65.6%
27Louisville, KY
65.6%
35Sacramento, CA
64.4%
85Baton Rouge, LA
63.8%
97Birmingham, AL
56.9%
59Pittsburgh, PA
55.6%
131Providence, RI
55.6%
69Greensboro, NC
54.4%
103Montgomery, AL
53.1%
118Little Rock, AR
50.6%
210Charleston, SC
50%
75Jersey City, NJ
48.1%
92Scottsdale, AZ
44.4%
Rank City % Correct
109Shreveport, LA
41.9%
154Sioux Falls, SD
39.4%
168Bridgeport, CT
36.9%
177Alexandria, VA
36.3%
248Wilmington, NC
33.8%
91Chesapeake, VA
32.5%
129Huntsville, AL
32.5%
221Santa Clara, CA
31.3%
77Chula Vista, CA
28.8%
239Manchester, NH
27.5%
217Evansville, IN
25%
173Naperville, IL
19.4%
263West Jordan, UT
11.3%
203Simi Valley, CA
7.9%
243Clearwater, FL
7.5%
274Centennial, CO
6.3%
211Carrollton, TX
5.6%
252West Covina, CA
5.6%

You're not logged in!

Compare scores with friends on all Sporcle quizzes.
OR
Log In

You Might Also Like...

Show Comments

Extras

Top Quizzes Today


Score Distribution

Your Account Isn't Verified!

In order to create a playlist on Sporcle, you need to verify the email address you used during registration. Go to your Sporcle Settings to finish the process.

Report this User

Report this user for behavior that violates our Community Guidelines.

Details: